000 00272nam a2200121Ia 4500
008 190216s9999||||xx |||||||||||||| ||und||
100 _aSontakkai C N
245 0 _aMarketing Management
260 _bKalyani Pub
_c2002
300 _a853p
650 _aCommerce
942 _cBK
999 _c6097
_d6097